00867 a2200205 4500003000500000005001700005010001600022020002200038020001500060040000900075082001600084100001500100245006900115260003800184300003400222440005800256505030600314650001200620700002900632Nust20221116170454.0 a 87018683 a0135236975 (pbk.) a013523705X cNust00a621.366,WIL1 aWilson, J.10aLasers, principles and applications /cJ. Wilson, J.F.B. Hawkes. aNew York :bPrentice Hall,c1987. axii, 308 p. :bill. ;c24 cm. 0aPrentice Hall international series in optoelectronics aLaser Fundamentals (Page-1), Operation Of Practical Lasers (Page-35), Properties Of Laser Radiation (Page-90), Metrological And Scientific Applications (Page-128), Industrial, Medical And Military Applications (Page-165), Holography (Page-204), Optical Information Transmission And Storage (Page-236). 0aLasers.1 aHawkes, J. F. B.,d1942-